000 00823nam a2200253Ia 4500
003 OSt
005 20220923223009.0
006 a|||||r|||| 00| 0
007 ta
008 220922b |||||||| |||| 00| 0 hin d
024 _a209,799
037 _cTextual
040 _aARTS
_cARTS
_bhin
041 _2hin
_ahin
082 _aO152,3NHIx, N7
100 _aहीरालाल, पुष्पा
245 0 _aभागीरथी के किनारे
246 _aBhāgīrathī ke kināre
260 _aनई दिल्ली
_b विश्वोदय प्रका0
_c1997
300 _a128पृ.
_ccm.
650 _aहिन्दी साहित्य
_9156264
942 _hO152,3NHIx, N7
_cTEXL
_2CC
999 _c360348
_d360348